[Event "Greek Team Championship"]
[Site "chess24.com"]
[Date "2017.07.04"]
[Round "2"]
[White "Pavlidou, Ekaterini"]
[Black "Drakaki, Anna-Maria"]
[Result "1-0"]
[Board "5"]
[WhiteElo "2184"]
[WhiteTitle "WIM"]
[WhiteCountry "GRE"]
[WhiteFideId "4213262"]
[WhiteEloChange "3"]
[BlackElo "1912"]
[BlackCountry "GRE"]
[BlackFideId "4225210"]
[BlackEloChange "-3"]

1. c4 {[%clk 1:30:18]} e6 {[%clk 1:30:51]} 2. g3 {[%clk 1:30:28]} d5 {[%clk
1:30:55]} 3. Bg2 {[%clk 1:30:22]} Nf6 {[%clk 1:30:55]} 4. Nf3 {[%clk 1:30:10]}
dxc4 {[%clk 1:31:14]} 5. Qa4+ {[%clk 1:28:21]} Nbd7 {[%clk 1:31:30]} 6. Qxc4
{[%clk 1:27:18]} Bd6 {[%clk 1:31:37]} 7. Nc3 {[%clk 1:23:30]} O-O {[%clk
1:29:16]} 8. O-O {[%clk 1:21:58]} Qe7 {[%clk 1:26:01]} 9. d4 {[%clk 1:17:16]} e5
{[%clk 1:23:54]} 10. d5 {[%clk 1:11:22]} Nb6 {[%clk 1:10:21]} 11. Qb3 {[%clk
1:10:24]} a5 {[%clk 1:10:34]} 12. a4 {[%clk 1:10:32]} Bb4 {[%clk 1:08:39]} 13.
Nd2 {[%clk 1:08:10]} Bg4 {[%clk 0:57:38]} 14. h3 {[%clk 1:04:01]} Bxc3 {[%clk
0:46:21]} 15. bxc3 {[%clk 1:04:04]} Bxe2 {[%clk 0:37:07]} 16. Re1 {[%clk
1:03:55]} Bd3 {[%clk 0:31:33]} 17. Ba3 {[%clk 1:03:46]} Qe8 {[%clk 0:31:27]} 18.
Bxf8 {[%clk 1:03:15]} Kxf8 {[%clk 0:31:51]} 19. d6 {[%clk 1:03:20]} Qd8 {[%clk
0:23:12]} 20. c4 {[%clk 0:59:49]} e4 {[%clk 0:19:02]} 21. c5 {[%clk 0:54:23]}
Nbd7 {[%clk 0:15:30]} 22. Qa3 {[%clk 0:52:58]} cxd6 {[%clk 0:07:30]} 23. cxd6
{[%clk 0:50:54]} Qe8 {[%clk 0:07:51]} 24. f3 {[%clk 0:49:15]} Qe5 {[%clk
0:07:11]} 25. fxe4 {[%clk 0:48:57]} Qd4+ {[%clk 0:04:30]} 26. Kh1 {[%clk
0:45:46]} Nc5 {[%clk 0:01:31]} 27. Nf3 {[%clk 0:42:19]} Qf2 {[%clk 0:01:25]} 28.
Ra2 {[%clk 0:42:20]} Bc2 {[%clk 0:00:40]} 29. Rxc2 {[%clk 0:41:51]} Qxc2 {[%clk
0:00:37]} 30. Rc1 {[%clk 0:42:16]} Qd3 {[%clk 0:00:32]} 31. Qxc5 {[%clk 0:42:35]}
1-0

[Event "Greek Team Championship"]
[Site "chess24.com"]
[Date "2017.07.04"]
[Round "2"]
[White "Zacharia, Aikaterini-Eirini"]
[Black "Kotsoglou, Evi"]
[Result "0-1"]
[Board "6"]
[WhiteElo "1230"]
[WhiteCountry "GRE"]
[WhiteFideId "25813072"]
[WhiteEloChange "-5"]
[BlackElo "1409"]
[BlackCountry "GRE"]
[BlackFideId "4260422"]
[BlackEloChange "5"]

1. e4 {[%clk 1:30:58]} e5 {[%clk 1:30:52]} 2. Nf3 {[%clk 1:31:24]} Nc6 {[%clk
1:31:12]} 3. Bc4 {[%clk 1:31:48]} Bc5 {[%clk 1:29:48]} 4. c3 {[%clk 1:32:10]} Nf6
{[%clk 1:21:34]} 5. d4 {[%clk 1:31:29]} exd4 {[%clk 1:20:50]} 6. e5 {[%clk
1:31:14]} d5 {[%clk 0:46:14]} 7. Bb5 {[%clk 1:29:49]} Ne4 {[%clk 0:41:10]} 8.
cxd4 {[%clk 1:28:37]} Bb4+ {[%clk 0:40:26]} 9. Bd2 {[%clk 1:27:20]} Nxd2 {[%clk
0:38:05]} 10. Nbxd2 {[%clk 1:26:37]} Bd7 {[%clk 0:34:55]} 11. O-O {[%clk
1:19:53]} O-O {[%clk 0:31:17]} 12. Bxc6 {[%clk 1:19:53]} Bxc6 {[%clk 0:26:07]}
13. a3 {[%clk 1:09:28]} Be7 {[%clk 0:19:30]} 14. Re1 {[%clk 1:05:40]} Bd7 {[%clk
0:18:47]} 15. b4 {[%clk 0:58:02]} a5 {[%clk 0:11:18]} 16. Qb3 {[%clk 0:49:31]}
axb4 {[%clk 0:04:32]} 17. axb4 {[%clk 0:47:39]} Rxa1 {[%clk 0:04:49]} 18. Rxa1
{[%clk 0:47:54]} c6 {[%clk 0:04:20]} 19. Ne1 {[%clk 0:25:25]} Qb6 {[%clk
0:04:11]} 20. Nc2 {[%clk 0:25:42]} Bf5 {[%clk 0:03:53]} 21. Nf3 {[%clk 0:12:10]}
f6 {[%clk 0:00:56]} 22. e6 {[%clk 0:07:49]} Re8 {[%clk 0:00:58]} 23. Re1 {[%clk
0:05:39]} Bd6 {[%clk 0:01:07]} 24. h3 {[%clk 0:00:05]} Rxe6 {[%clk 0:01:00]} 25.
Ra1 {[%clk 0:00:35]} Re8 {[%clk 0:00:58]} 26. Re1 {[%clk 0:00:34]} Rxe1+ {[%clk
0:00:38]} 27. Nfxe1 {[%clk 0:00:40]} Qd8 {[%clk 0:00:34]} 28. Qf3 {[%clk
0:00:39]} Be4 {[%clk 0:00:39]} 29. Qb3 {[%clk 0:00:39]} Qe7 {[%clk 0:00:47]} 30.
f3 {[%clk 0:00:50]} Bg6 {[%clk 0:01:10]} 31. g4 {[%clk 0:00:45]} Qe2 {[%clk
0:01:19]} 32. h4 {[%clk 0:00:33]} Bg3 {[%clk 0:01:27]} 33. Qe3 {[%clk 0:00:36]}
Qxe3+ {[%clk 0:01:22]} 34. Nxe3 {[%clk 0:01:02]} Bxe1 {[%clk 0:01:47]} 35. h5
{[%clk 0:01:12]} Bf7 {[%clk 0:02:00]} 36. Nc2 {[%clk 0:01:21]} Bd2 {[%clk
0:02:03]} 37. Kf2 {[%clk 0:01:33]} g6 {[%clk 0:02:13]} 38. Ke2 {[%clk 0:00:48]}
Bh6 {[%clk 0:02:08]} 39. hxg6 {[%clk 0:00:40]} Bxg6 {[%clk 0:02:36]} 0-1

[Event "Greek Team Championship"]
[Site "chess24.com"]
[Date "2017.07.04"]
[Round "2"]
[White "Chatzipanagiotou, Asimenia"]
[Black "Kolaini, Pantelina-Paras"]
[Result "0-1"]
[Board "7"]
[WhiteElo "1287"]
[WhiteCountry "GRE"]
[WhiteFideId "25800396"]
[WhiteEloChange "-14"]
[BlackElo "1133"]
[BlackCountry "GRE"]
[BlackFideId "25812980"]
[BlackEloChange "14"]

1. e4 {[%clk 1:30:55]} e5 {[%clk 1:30:54]} 2. Bc4 {[%clk 1:31:15]} Nc6 {[%clk
1:30:54]} 3. Nf3 {[%clk 1:31:15]} Bc5 {[%clk 1:30:54]} 4. O-O {[%clk 1:31:15]}
Nf6 {[%clk 1:30:54]} 5. d3 {[%clk 1:31:15]} d6 {[%clk 1:30:54]} 6. c3 {[%clk
1:31:15]} O-O {[%clk 1:30:54]} 7. Bb3 {[%clk 1:31:15]} Be6 {[%clk 1:15:08]} 8.
Bc2 {[%clk 1:29:09]} Bb6 {[%clk 1:15:08]} 9. Nbd2 {[%clk 1:29:09]} Nh5 {[%clk
1:15:08]} 10. Nxe5 {[%clk 1:29:09]} dxe5 {[%clk 1:15:08]} 11. Qxh5 {[%clk
1:29:09]} f5 {[%clk 1:15:08]} 12. h3 {[%clk 1:29:09]} Rf6 {[%clk 1:15:08]} 13.
Qe2 {[%clk 1:29:09]} f4 {[%clk 1:15:08]} 14. Nf3 {[%clk 1:29:09]} Rg6 {[%clk
1:15:08]} 15. Kh1 {[%clk 1:29:09]} Qf6 {[%clk 1:15:08]} 16. b4 {[%clk 1:29:09]}
a6 {[%clk 1:15:08]} 17. Bb2 {[%clk 1:29:09]} Rf8 {[%clk 1:15:08]} 18. Qd1 {[%clk
1:29:09]} Rh6 {[%clk 1:15:08]} 19. Bb3 {[%clk 1:29:09]} Kh8 {[%clk 1:15:08]} 20.
Bxe6 {[%clk 1:29:09]} Qxe6 {[%clk 1:15:08]} 21. Qb3 {[%clk 1:29:09]} Qc8 {[%clk
1:15:08]} 22. c4 {[%clk 1:29:09]} Nd4 {[%clk 1:15:08]} 23. Bxd4 {[%clk 1:29:09]}
Bxd4 {[%clk 1:15:08]} 24. Nxd4 {[%clk 1:29:09]} exd4 {[%clk 1:15:08]} 25. Kh2
{[%clk 1:29:09]} f3 {[%clk 1:15:08]} 26. h4 {[%clk 1:29:09]} Rxh4+ {[%clk
1:15:08]} 27. Kg1 {[%clk 1:29:09]} fxg2 {[%clk 1:15:08]} 28. f3 {[%clk 1:29:09]}
gxf1Q+ {[%clk 1:15:08]} 29. Rxf1 {[%clk 1:29:09]} Qh3 {[%clk 1:15:08]} 30. Kf2
{[%clk 1:29:09]} Rxf3+ {[%clk 1:15:08]} 31. Ke1 {[%clk 1:29:09]} Qxf1+ {[%clk
1:15:08]} 32. Kd2 {[%clk 1:29:09]} Rf2# {[%clk 1:15:08]} 0-1

[Event "Greek Team Championship"]
[Site "chess24.com"]
[Date "2017.07.04"]
[Round "2"]
[White "Alevizos, Athanasios"]
[Black "Pavlidis, Pavlos"]
[Result "1/2-1/2"]
[Board "8"]
[WhiteElo "1564"]
[WhiteCountry "GRE"]
[WhiteFideId "4272498"]
[WhiteEloChange "8"]
[BlackElo "1928"]
[BlackCountry "GRE"]
[BlackFideId "4200616"]
[BlackEloChange "-8"]

1. e4 {[%clk 1:30:57]} c5 {[%clk 1:30:50]} 2. Nf3 {[%clk 1:31:19]} Nc6 {[%clk
1:31:10]} 3. Nc3 {[%clk 1:31:34]} g6 {[%clk 1:30:50]} 4. g3 {[%clk 1:30:00]} Bg7
{[%clk 1:29:50]} 5. Bg2 {[%clk 1:30:08]} Nf6 {[%clk 1:29:09]} 6. d3 {[%clk
1:30:05]} O-O {[%clk 1:27:47]} 7. O-O {[%clk 1:30:28]} d6 {[%clk 1:19:24]} 8. Re1
{[%clk 1:20:22]} Bg4 {[%clk 1:08:40]} 9. h3 {[%clk 1:19:57]} Bd7 {[%clk 1:09:01]}
10. Bd2 {[%clk 1:17:25]} Qc8 {[%clk 1:06:35]} 11. Kh2 {[%clk 1:17:22]} Ne8 {[%clk
0:52:42]} 12. Qc1 {[%clk 1:15:05]} f5 {[%clk 0:49:16]} 13. Bh6 {[%clk 1:14:05]}
Nf6 {[%clk 0:42:31]} 14. Bxg7 {[%clk 1:04:51]} Kxg7 {[%clk 0:42:56]} 15. e5
{[%clk 0:56:02]} dxe5 {[%clk 0:30:03]} 16. Nxe5 {[%clk 0:56:14]} Re8 {[%clk
0:20:30]} 17. f4 {[%clk 0:40:57]} Qc7 {[%clk 0:13:27]} 18. Nd5 {[%clk 0:33:19]}
Nxd5 {[%clk 0:12:00]} 19. Bxd5 {[%clk 0:33:43]} e6 {[%clk 0:08:15]} 20. Bxc6
{[%clk 0:26:13]} Bxc6 {[%clk 0:08:38]} 21. c4 {[%clk 0:26:13]} Rad8 {[%clk
0:07:12]} 22. Qc3 {[%clk 0:26:46]} Rd4 {[%clk 0:07:10]} 23. b4 {[%clk 0:23:01]}
b6 {[%clk 0:07:24]} 24. b5 {[%clk 0:23:28]} Ba8 {[%clk 0:07:38]} 25. Re3 {[%clk
0:22:43]} Qd6 {[%clk 0:06:38]} 26. h4 {[%clk 0:18:51]} Qe7 {[%clk 0:04:28]} 27.
Nf3 {[%clk 0:16:26]} Bxf3 {[%clk 0:04:52]} 28. Rxf3 {[%clk 0:16:54]} Qf6 {[%clk
0:05:03]} 29. Re1 {[%clk 0:16:13]} h6 {[%clk 0:02:25]} 30. Qc1 {[%clk 0:10:18]}
Rh8 {[%clk 0:00:40]} 31. Kg2 {[%clk 0:10:33]} Rhd8 {[%clk 0:01:05]} 32. Rd1
{[%clk 0:08:49]} R8d6 {[%clk 0:00:52]} 33. Qe3 {[%clk 0:08:08]} Qd8 {[%clk
0:00:34]} 34. Kf2 {[%clk 0:05:49]} Rxc4 {[%clk 0:00:35]} 35. dxc4 {[%clk
0:03:57]} Rxd1 {[%clk 0:01:00]} 36. Kg2 {[%clk 0:00:35]} Qd2+ {[%clk 0:00:38]}
37. Qxd2 {[%clk 0:01:03]} Rxd2+ {[%clk 0:01:02]} 38. Rf2 {[%clk 0:01:30]} Rxf2+
{[%clk 0:01:11]} 39. Kxf2 {[%clk 0:01:54]} Kf6 {[%clk 0:01:32]} 40. Kf3 {[%clk
0:31:38]} e5 {[%clk 0:31:26]} 41. Ke3 {[%clk 0:30:58]} e4 {[%clk 0:30:58]} 42. a3
{[%clk 0:31:07]} g5 {[%clk 0:31:05]} 43. h5 {[%clk 0:31:14]} gxf4+ {[%clk
0:30:11]} 44. gxf4 {[%clk 0:31:15]} Ke6 {[%clk 0:30:23]} 45. Kd2 {[%clk 0:31:10]}
Kd6 {[%clk 0:30:47]} 46. Ke3 {[%clk 0:31:31]} Kc7 {[%clk 0:30:56]} 47. Kd2 {[%clk
0:31:41]} a6 {[%clk 0:30:55]} 48. a4 {[%clk 0:31:56]} axb5 {[%clk 0:31:19]} 49.
axb5 {[%clk 0:32:20]} 1/2-1/2

[Event "Greek Team Championship"]
[Site "chess24.com"]
[Date "2017.07.04"]
[Round "2"]
[White "Pissadakis, Dimitrios"]
[Black "Rousos, Stamatios"]
[Result "1/2-1/2"]
[Board "9"]
[WhiteElo "1853"]
[WhiteCountry "GRE"]
[WhiteFideId "4251768"]
[BlackElo "1857"]
[BlackCountry "GRE"]
[BlackFideId "4277007"]

1. d4 {[%clk 1:30:56]} Nf6 {[%clk 1:29:59]} 2. Nf3 {[%clk 1:30:47]} e6 {[%clk
1:29:36]} 3. g3 {[%clk 1:30:48]} d5 {[%clk 1:29:29]} 4. c4 {[%clk 1:29:51]} c5
{[%clk 1:28:01]} 5. e3 {[%clk 1:26:47]} Nc6 {[%clk 1:25:09]} 6. b3 {[%clk
1:25:38]} cxd4 {[%clk 1:23:20]} 7. exd4 {[%clk 1:25:05]} Bb4+ {[%clk 1:23:01]} 8.
Bd2 {[%clk 1:25:06]} Be7 {[%clk 1:22:47]} 9. Be3 {[%clk 1:22:38]} O-O {[%clk
1:21:53]} 10. Bg2 {[%clk 1:22:54]} dxc4 {[%clk 1:08:44]} 11. bxc4 {[%clk
1:23:09]} Bb4+ {[%clk 1:08:59]} 12. Nbd2 {[%clk 1:22:57]} Bc3 {[%clk 1:06:47]}
13. Rb1 {[%clk 1:20:00]} Nxd4 {[%clk 0:57:54]} 14. Bxd4 {[%clk 1:18:11]} Bxd4
{[%clk 0:58:00]} 15. Nxd4 {[%clk 1:18:37]} Qxd4 {[%clk 0:58:27]} 16. O-O {[%clk
1:18:50]} Rb8 {[%clk 0:56:52]} 17. Qe2 {[%clk 1:17:43]} b6 {[%clk 0:51:06]} 18.
Nb3 {[%clk 1:15:44]} Qg4 {[%clk 0:41:42]} 19. Qxg4 {[%clk 1:08:37]} Nxg4 {[%clk
0:42:07]} 20. Na5 {[%clk 1:08:43]} Bd7 {[%clk 0:40:10]} 21. h3 {[%clk 1:05:02]}
Nxf2 {[%clk 0:36:10]} 22. Kxf2 {[%clk 1:05:02]} bxa5 {[%clk 0:34:03]} 23. c5
{[%clk 1:04:37]} Rbc8 {[%clk 0:28:10]} 24. Rfc1 {[%clk 1:01:20]} Bc6 {[%clk
0:26:29]} 25. Bxc6 {[%clk 1:01:43]} Rxc6 {[%clk 0:26:56]} 26. Rb7 {[%clk
1:01:37]} a6 {[%clk 0:27:01]} 27. Ke3 {[%clk 0:58:47]} h6 {[%clk 0:26:56]} 28.
Rb6 {[%clk 0:54:57]} Rfc8 {[%clk 0:27:09]} 29. Rxc6 {[%clk 0:55:21]} Rxc6 {[%clk
0:27:33]} 30. Kd4 {[%clk 0:55:43]} Kf8 {[%clk 0:18:24]} 31. Rc4 {[%clk 0:53:29]}
Ke7 {[%clk 0:15:25]} 32. Ra4 {[%clk 0:52:24]} Kd7 {[%clk 0:14:11]} 33. Rxa5
{[%clk 0:52:41]} Kc7 {[%clk 0:13:54]} 34. Ra3 {[%clk 0:52:07]} Kb7 {[%clk
0:12:53]} 35. Rb3+ {[%clk 0:51:55]} Kc7 {[%clk 0:09:29]} 36. Rf3 {[%clk 0:51:48]}
f6 {[%clk 0:08:56]} 37. g4 {[%clk 0:51:19]} Kc8 {[%clk 0:08:25]} 38. h4 {[%clk
0:51:14]} Rc7 {[%clk 0:07:44]} 39. Ra3 {[%clk 0:48:08]} Rc6 {[%clk 0:06:27]} 40.
g5 {[%clk 1:18:06]} hxg5 {[%clk 0:33:04]} 41. hxg5 {[%clk 1:17:50]} fxg5 {[%clk
0:29:32]} 42. Rg3 {[%clk 1:17:41]} Rc7 {[%clk 0:28:52]} 43. Rxg5 {[%clk 1:17:25]}
Rd7+ {[%clk 0:29:14]} 44. Kc4 {[%clk 1:17:38]} Rf7 {[%clk 0:28:59]} 45. Kb4
{[%clk 1:17:07]} Kb7 {[%clk 0:27:03]} 46. Rg4 {[%clk 1:16:13]} e5 {[%clk
0:24:48]} 47. Rg6 {[%clk 1:15:48]} Re7 {[%clk 0:21:21]} 48. Rb6+ {[%clk 1:11:34]}
Ka7 {[%clk 0:13:39]} 49. Ka5 {[%clk 1:10:11]} e4 {[%clk 0:13:43]} 50. Rxa6+
{[%clk 1:10:10]} Kb8 {[%clk 0:13:55]} 51. Rb6+ {[%clk 1:08:56]} Kc7 {[%clk
0:14:19]} 52. Rb2 {[%clk 1:07:14]} e3 {[%clk 0:13:43]} 53. Re2 {[%clk 1:07:35]}
Kc6 {[%clk 0:13:55]} 54. Kb4 {[%clk 1:07:24]} Re4+ {[%clk 0:10:57]} 55. Kc3
{[%clk 1:07:18]} Kxc5 {[%clk 0:11:04]} 56. Kd3 {[%clk 1:07:37]} Ra4 {[%clk
0:08:08]} 57. Kxe3 {[%clk 1:07:06]} Kd5 {[%clk 0:08:08]} 58. Rg2 {[%clk 1:07:16]}
Ke5 {[%clk 0:07:35]} 1/2-1/2

[Event "Greek Team Championship"]
[Site "chess24.com"]
[Date "2017.07.04"]
[Round "2"]
[White "Papadopoulos, Panteleimon"]
[Black "Kanteraki, Maria-Myrto"]
[Result "1-0"]
[Board "10"]
[WhiteElo "1355"]
[WhiteCountry "GRE"]
[WhiteFideId "25831143"]
[WhiteEloChange "11"]
[BlackElo "1375"]
[BlackCountry "GRE"]
[BlackFideId "25818023"]
[BlackEloChange "-11"]

1. e4 {[%clk 1:30:33]} d5 {[%clk 1:30:56]} 2. exd5 {[%clk 1:29:39]} Qxd5 {[%clk
1:31:18]} 3. Nc3 {[%clk 1:29:03]} Qd6 {[%clk 1:31:42]} 4. Bc4 {[%clk 1:27:35]}
Nf6 {[%clk 1:31:12]} 5. Nf3 {[%clk 1:25:24]} a6 {[%clk 1:31:24]} 6. a3 {[%clk
1:18:50]} Bg4 {[%clk 1:30:38]} 7. h3 {[%clk 1:15:47]} Bh5 {[%clk 1:29:48]} 8. O-O
{[%clk 1:12:52]} Nc6 {[%clk 1:30:05]} 9. Be2 {[%clk 1:00:18]} O-O-O {[%clk
1:29:48]} 10. d3 {[%clk 0:59:11]} h6 {[%clk 1:29:30]} 11. Nd2 {[%clk 0:57:42]}
Bxe2 {[%clk 1:29:10]} 12. Qxe2 {[%clk 0:57:31]} Nd4 {[%clk 1:28:58]} 13. Qd1
{[%clk 0:56:52]} g5 {[%clk 1:28:30]} 14. Nf3 {[%clk 0:53:42]} Nxf3+ {[%clk
1:27:13]} 15. Qxf3 {[%clk 0:53:21]} Rg8 {[%clk 1:24:26]} 16. Ne4 {[%clk 0:51:30]}
Nxe4 {[%clk 1:23:53]} 17. Qxe4 {[%clk 0:49:16]} Qg6 {[%clk 1:21:53]} 18. Qxg6
{[%clk 0:47:43]} Rxg6 {[%clk 1:22:13]} 19. f4 {[%clk 0:45:47]} f6 {[%clk
1:20:53]} 20. Bd2 {[%clk 0:44:40]} g4 {[%clk 1:18:56]} 21. f5 {[%clk 0:43:56]}
Rg8 {[%clk 1:19:10]} 22. Kh2 {[%clk 0:41:40]} h5 {[%clk 1:18:18]} 23. Bb4 {[%clk
0:37:18]} gxh3 {[%clk 1:17:39]} 24. gxh3 {[%clk 0:34:25]} b6 {[%clk 1:17:17]} 25.
Rg1 {[%clk 0:30:36]} Rg5 {[%clk 1:13:50]} 26. Rxg5 {[%clk 0:29:46]} fxg5 {[%clk
1:14:14]} 27. Rg1 {[%clk 0:27:00]} c5 {[%clk 1:10:50]} 28. Bd2 {[%clk 0:25:51]}
Rd5 {[%clk 1:11:01]} 29. Rxg5 {[%clk 0:25:05]} Re5 {[%clk 1:10:46]} 30. Bc3
{[%clk 0:23:38]} Re2+ {[%clk 1:10:52]} 31. Rg2 {[%clk 0:22:31]} Rxg2+ {[%clk
1:10:28]} 32. Kxg2 {[%clk 0:22:47]} Kd7 {[%clk 1:10:40]} 33. Kg3 {[%clk 0:22:58]}
e6 {[%clk 1:10:55]} 34. f6 {[%clk 0:21:47]} Bd6+ {[%clk 1:10:22]} 35. Kh4 {[%clk
0:21:37]} Ke8 {[%clk 1:10:18]} 36. Kxh5 {[%clk 0:21:37]} Kf7 {[%clk 1:10:36]} 37.
Kg5 {[%clk 0:21:56]} e5 {[%clk 1:10:20]} 38. Kf5 {[%clk 0:22:07]} b5 {[%clk
1:10:26]} 39. Bxe5 {[%clk 0:22:21]} Bf8 {[%clk 1:10:43]} 40. c3 {[%clk 0:51:55]}
a5 {[%clk 1:41:02]} 41. d4 {[%clk 0:51:33]} cxd4 {[%clk 1:41:25]} 42. cxd4 {[%clk
0:51:50]} 1-0

[Event "Greek Team Championship"]
[Site "chess24.com"]
[Date "2017.07.04"]
[Round "2"]
[White "Georgakopoulos, Nikolaos"]
[Black "Polzin, Rainer"]
[Result "1-0"]
[Board "1"]
[WhiteElo "2332"]
[WhiteCountry "GRE"]
[WhiteFideId "4210891"]
[WhiteEloChange "12"]
[BlackElo "2405"]
[BlackTitle "GM"]
[BlackCountry "GER"]
[BlackFideId "4610741"]
[BlackEloChange "-6"]

1. d4 {[%clk 1:30:53]} Nf6 {[%clk 1:30:45]} 2. c4 {[%clk 1:30:20]} g6 {[%clk
1:30:55]} 3. Nc3 {[%clk 1:30:44]} Bg7 {[%clk 1:31:20]} 4. e4 {[%clk 1:31:02]} d6
{[%clk 1:31:48]} 5. f3 {[%clk 1:30:42]} O-O {[%clk 1:31:22]} 6. Be3 {[%clk
1:31:05]} Nc6 {[%clk 1:29:27]} 7. Nge2 {[%clk 1:30:32]} a6 {[%clk 1:29:52]} 8.
Nc1 {[%clk 1:27:34]} e5 {[%clk 1:15:46]} 9. d5 {[%clk 1:27:56]} Nd4 {[%clk
1:15:29]} 10. Nb3 {[%clk 1:28:19]} Nxb3 {[%clk 1:09:34]} 11. axb3 {[%clk
1:23:59]} c5 {[%clk 1:01:55]} 12. g4 {[%clk 1:12:44]} Ne8 {[%clk 0:57:19]} 13.
Qd2 {[%clk 1:06:33]} f5 {[%clk 0:57:10]} 14. gxf5 {[%clk 0:43:55]} gxf5 {[%clk
0:57:31]} 15. O-O-O {[%clk 0:30:40]} f4 {[%clk 0:48:12]} 16. Bf2 {[%clk 0:31:02]}
Bd7 {[%clk 0:48:23]} 17. h4 {[%clk 0:28:03]} b5 {[%clk 0:43:56]} 18. h5 {[%clk
0:28:27]} Bf6 {[%clk 0:43:45]} 19. Bh3 {[%clk 0:25:15]} Bxh3 {[%clk 0:38:39]} 20.
Rxh3 {[%clk 0:25:42]} Kf7 {[%clk 0:21:35]} 21. Rg1 {[%clk 0:22:24]} Qa5 {[%clk
0:18:18]} 22. Be1 {[%clk 0:21:24]} Qb4 {[%clk 0:15:58]} 23. Qg2 {[%clk 0:21:14]}
Qxb3 {[%clk 0:13:04]} 24. Qg4 {[%clk 0:21:13]} Ke7 {[%clk 0:12:59]} 25. Bh4
{[%clk 0:11:23]} Bxh4 {[%clk 0:09:14]} 26. Qe6+ {[%clk 0:06:01]} Kd8 {[%clk
0:09:42]} 27. Rg7 {[%clk 0:02:03]} Nxg7 {[%clk 0:08:37]} 28. Qxd6+ {[%clk
0:02:31]} Ke8 {[%clk 0:08:00]} 29. Qc6+ {[%clk 0:00:33]} Kf7 {[%clk 0:02:53]} 30.
h6 {[%clk 0:01:01]} Rac8 {[%clk 0:01:03]} 31. Qd7+ {[%clk 0:01:13]} Be7 {[%clk
0:01:25]} 32. hxg7 {[%clk 0:00:57]} Rfe8 {[%clk 0:01:12]} 33. Qe6+ {[%clk
0:00:55]} Kxg7 {[%clk 0:01:37]} 34. Qh6+ {[%clk 0:01:16]} 1-0

[Event "Greek Team Championship"]
[Site "chess24.com"]
[Date "2017.07.04"]
[Round "2"]
[White "Schuetze, Norman"]
[Black "Kanellopoulos, Panayotis"]
[Result "1-0"]
[Board "2"]
[WhiteElo "2278"]
[WhiteCountry "GER"]
[WhiteFideId "4659406"]
[WhiteEloChange "8"]
[BlackElo "2208"]
[BlackCountry "GRE"]
[BlackFideId "4205928"]
[BlackEloChange "-8"]

1. e4 {[%clk 1:30:56]} c5 {[%clk 1:30:03]} 2. Nf3 {[%clk 1:31:14]} d6 {[%clk
1:30:10]} 3. d4 {[%clk 1:31:28]} cxd4 {[%clk 1:30:18]} 4. Nxd4 {[%clk 1:31:51]}
Nf6 {[%clk 1:30:27]} 5. Nc3 {[%clk 1:32:10]} a6 {[%clk 1:30:11]} 6. Bg5 {[%clk
1:31:43]} e6 {[%clk 1:28:23]} 7. f4 {[%clk 1:31:45]} Qc7 {[%clk 1:27:42]} 8. Qe2
{[%clk 1:31:13]} Nc6 {[%clk 1:23:29]} 9. O-O-O {[%clk 1:31:05]} Bd7 {[%clk
1:16:22]} 10. Nxc6 {[%clk 1:27:51]} bxc6 {[%clk 1:06:22]} 11. Qe3 {[%clk
1:25:28]} Be7 {[%clk 1:00:57]} 12. Be2 {[%clk 1:13:49]} e5 {[%clk 0:49:51]} 13.
g3 {[%clk 0:52:50]} Be6 {[%clk 0:42:47]} 14. f5 {[%clk 0:45:03]} Bc8 {[%clk
0:42:25]} 15. Qd3 {[%clk 0:41:09]} Rb8 {[%clk 0:36:40]} 16. Bxf6 {[%clk 0:26:39]}
gxf6 {[%clk 0:36:33]} 17. Qc4 {[%clk 0:27:02]} Qb6 {[%clk 0:30:35]} 18. Bh5
{[%clk 0:25:45]} O-O {[%clk 0:30:05]} 19. b3 {[%clk 0:25:54]} Qa5 {[%clk
0:26:33]} 20. Rd3 {[%clk 0:22:33]} Bd7 {[%clk 0:22:13]} 21. Qa4 {[%clk 0:21:07]}
Qb6 {[%clk 0:19:19]} 22. Rhd1 {[%clk 0:20:27]} Rfd8 {[%clk 0:15:37]} 23. h4
{[%clk 0:10:18]} Be8 {[%clk 0:15:44]} 24. Kb1 {[%clk 0:08:04]} d5 {[%clk
0:14:29]} 25. exd5 {[%clk 0:08:21]} Bb4 {[%clk 0:12:16]} 26. d6 {[%clk 0:06:13]}
Bd7 {[%clk 0:11:41]} 27. a3 {[%clk 0:04:53]} c5 {[%clk 0:09:09]} 28. Nd5 {[%clk
0:05:22]} Bxa4 {[%clk 0:03:06]} 29. Nxb6 {[%clk 0:05:48]} Rxb6 {[%clk 0:03:33]}
30. axb4 {[%clk 0:05:52]} Rxb4 {[%clk 0:04:00]} 31. Rc3 {[%clk 0:03:20]} Bd7
{[%clk 0:03:57]} 32. Rxc5 {[%clk 0:03:12]} Bxf5 {[%clk 0:02:12]} 33. Rf1 {[%clk
0:02:59]} Be6 {[%clk 0:01:09]} 34. Rxf6 {[%clk 0:03:08]} Kg7 {[%clk 0:01:19]} 35.
Rf2 {[%clk 0:03:17]} Rxd6 {[%clk 0:01:27]} 36. Rxe5 {[%clk 0:03:29]} h6 {[%clk
0:01:12]} 37. Kb2 {[%clk 0:03:12]} Rdb6 {[%clk 0:01:03]} 38. Bd1 {[%clk 0:02:53]}
Rd4 {[%clk 0:01:23]} 39. Kc1 {[%clk 0:02:29]} Rbd6 {[%clk 0:01:42]} 40. Bh5
{[%clk 0:32:21]} Rb6 {[%clk 0:30:49]} 41. Rc5 {[%clk 0:30:48]} Rd7 {[%clk
0:29:14]} 42. Rd2 {[%clk 0:29:27]} Ra7 {[%clk 0:29:32]} 43. Rd4 {[%clk 0:29:04]}
Re7 {[%clk 0:26:50]} 44. Kd2 {[%clk 0:28:43]} Bh3 {[%clk 0:19:58]} 45. Be2 {[%clk
0:25:51]} Rf6 {[%clk 0:20:17]} 46. Bd3 {[%clk 0:23:04]} Ree6 {[%clk 0:18:30]} 47.
Rc7 {[%clk 0:21:38]} Bf5 {[%clk 0:10:36]} 48. Bc4 {[%clk 0:20:30]} Rb6 {[%clk
0:10:59]} 49. Rf4 {[%clk 0:20:41]} Be6 {[%clk 0:09:18]} 50. Bd3 {[%clk 0:19:39]}
Bd5 {[%clk 0:06:20]} 51. Rxf6 {[%clk 0:18:12]} Rxf6 {[%clk 0:05:02]} 52. Rd7
{[%clk 0:11:19]} Be6 {[%clk 0:03:50]} 53. Rd4 {[%clk 0:11:15]} Bc8 {[%clk
0:03:17]} 54. Ke3 {[%clk 0:10:38]} Bb7 {[%clk 0:03:22]} 55. Rf4 {[%clk 0:10:00]}
Re6+ {[%clk 0:03:39]} 56. Kd4 {[%clk 0:10:11]} Kf8 {[%clk 0:03:13]} 57. Bc4
{[%clk 0:10:21]} Rd6+ {[%clk 0:03:10]} 58. Kc5 {[%clk 0:09:00]} Rc6+ {[%clk
0:03:29]} 59. Kb4 {[%clk 0:09:24]} Rc7 {[%clk 0:03:02]} 60. Ka5 {[%clk 0:09:06]}
Bc8 {[%clk 0:02:43]} 61. b4 {[%clk 0:07:15]} Ra7 {[%clk 0:01:54]} 62. Bd5 {[%clk
0:06:54]} Kg7 {[%clk 0:01:25]} 63. c4 {[%clk 0:07:12]} f5 {[%clk 0:01:24]} 64. c5
{[%clk 0:07:01]} Kf6 {[%clk 0:01:43]} 65. c6 {[%clk 0:04:23]} Ke5 {[%clk
0:01:22]} 66. Bc4 {[%clk 0:04:25]} Rg7 {[%clk 0:01:31]} 67. Rf3 {[%clk 0:03:25]}
Rg6 {[%clk 0:01:21]} 68. Bxa6 {[%clk 0:02:40]} Rxc6 {[%clk 0:01:18]} 69. Bxc8
{[%clk 0:03:04]} Rxc8 {[%clk 0:01:45]} 70. b5 {[%clk 0:03:22]} Kd5 {[%clk
0:01:45]} 1-0